Model-compounded vulcanization: An established technique for the next century (Record no. 63036)

MARC details
000 -LEADER
fixed length control field 00539nam a2200193Ia 4500
100 ## - MAIN ENTRY--AUTHOR NAME
Personal name Nieuwenhuizen P J
245 #0 - TITLE STATEMENT
Title Model-compounded vulcanization: An established technique for the next century
260 ## - PUBLICATION, DISTRIBUTION, ETC. (IMPRINT)
Name of publisher Kautschuk Gummi Kunststoffe
Year of publication 2000
300 ## - PHYSICAL DESCRIPTION
Number of Pages 144-152
650 ## - SUBJECT ADDED ENTRY--TOPICAL TERM
Topical Term Chromatography
650 ## - SUBJECT ADDED ENTRY--TOPICAL TERM
Topical Term Model-compounded vulcanization
650 ## - SUBJECT ADDED ENTRY--TOPICAL TERM
Topical Term Peroxide
650 ## - SUBJECT ADDED ENTRY--TOPICAL TERM
Topical Term Spectroscopy
650 ## - SUBJECT ADDED ENTRY--TOPICAL TERM
Topical Term Sulfur
700 ## - ADDED ENTRY--PERSONAL NAME
Personal name Haasnoot J G
700 ## - ADDED ENTRY--PERSONAL NAME
Personal name Reedijk J
942 ## - ADDED ENTRY ELEMENTS (KOHA)
Koha item type Journals
Holdings
Withdrawn status Lost status Damaged status Not for loan Home library Current library Shelving location Date acquired Serial Enumeration / chronology Koha item type
      Journals RRII Library RRII Library Rubber chemistry 17/12/2021 Volume 53, Issue 3 Journals